Caricamento...

Attupoya kanni /

Dettagli Bibliografici
Autore principale: Thikkodiyan
Natura: Printed Book
Lingua:Malayalam
Pubblicazione: Current Books , 1956.
Soggetti:
LEADER 00376nam a2200133Ia 4500
008 150624b xxu||||| |||| 00| d mal d
999 |c 71395  |d 71395 
100 |a Thikkodiyan 
245 |c Thikkodiyan  |a Attupoya kanni / 
260 |b Current Books ,  |c 1956. 
546 |a In Malayalam. 
650 |v Drama 
942 |c BK 
952 |0 1  |1 0  |4 0  |7 0  |9 71370  |a UL  |b UL  |c ST1  |d 1998-09-15  |l 0  |p 1258  |r 2012-10-27  |y BK